000 00623nam a22002172 4500
001 0000006340
005 20151217152016.0
008 071022s xx 000 0 eng d
020 _a1405117818 :
_cKES 5092
040 _aKABU
_cKABU
100 1 _aMorgan, R. P. C.
_@0000157795
245 1 0 _aSoil erosion and conservation /
_cR. P. C. Morgan.
250 _a3rd ed.
260 _aOxford :
_bBlackwell,
_c2005.
300 _ax, 304 p.
650 0 _aSoil erosion.
_@0000157796
650 0 _aSoil conservation.
_@0000054505
908 _a071022
950 _@1
999 _c7277
_d7277